Економічна рентабельність реставрації, пристосування та експлуатації фортифікаційних комплексів Волині під заклади туризму та відпочинку (Запис № 578861)

МАРК-запис
000 -Лідер
fixed length control field 00873naa a2200205 4500
001 - Контрольний номер
control field 2162214035926007
003 - Ідентифікатор контрольного номера
control field UA-OsUOA
005 - Дата та час останнього входження (трансакції)
control field 20250528115859.0
008 - Елементи даних фіксованої довжини – загальна інформація
fixed length control field 250528b un ||||| |||| 00| 0 ukr d
040 ## - Джерело каталогізації
Агенція оригінальної каталогізації UA-OsUOA
Мова каталогізації ukr
Агенція, яка здійснювала перезапис UA-OsUOA
Агенція, яка здійснювала модифікацію UA-OsUOA
041 ## - Код мови
Код мови тексту/ звукової доріжки чи окремого заголовка (П) ukr
080 ## - Індекс Універсальної десяткової класифікації
Індекс Універсальної десяткової класифікації (УДК) (НП) 908
090 ## - Локальний шифр розміщення
Класифікаційний індекс УДК 908
100 ## - Основне введення – ім’я особи
Ім’я особи (НП) Лесик О. В.
9 (RLIN) 20595
245 ## - Відомості про назву
Назва (НП) Економічна рентабельність реставрації, пристосування та експлуатації фортифікаційних комплексів Волині під заклади туризму та відпочинку
Дані про відповідальність (НП) О. В. Лесик
300 ## - Фізичний опис
Обсяг С. 140–142
650 ## - Додаткове предметне введення – тематичний термін
Джерело заголовка чи терміна UDC
773 0# - Введення хост-одиниці (П)
Бібліонома 408986
Host Itemnumber 420917
Місце, видавець та дата видання (НП) Рівне ПП ДМ 2008
Інший ідентифікатор одиниці опису 161064
Назва (НП) Архітектурна спадщина Волині
Контрольний номер запису (П) (UA-OsUOA) 135827
Міжнародний стандартний книжковий номер (ISBN) 978-966-8424-91-5
942 ## - Додаткові елементи входу (Коха)
Source of classification or shelving scheme Universal Decimal Classification
Тип елемента Koha Складова частина документа

Немає доступних примірників.